Atatürk'ün kültür ve medeniyet konusundaki sözleri (Kayıt no. 1381)

MARC ayrıntıları
000 -BAŞLIK
Sabit Uzunlukta Kontrol Alanı 00897na a2200253 4500
001 - KONTROL NUMARASI
Denetim Alanı 14757
003 - KONTROL NUMARASI IDENTIFIER
Denetim Alanı MIRAKIL
005 - SON İŞLEM TARİHİ VE ZAMANI
Denetim Alanı 20181213154821.0
008 - SABİT-BOY VERİ ELEMANLARI - GENEL BİLGİLER
Sabit Uzunlukta Kontrol Alanı 160920b tu 000 0
020 ## - ULUSLARARASI STANDART KİTAP NUMARASI
Uluslararası Standart Kitap Numarası 9751601258
035 ## - SİSTEM KONTROL NUMARASI
Sistem Kontrol Numarası 14757
040 ## - KATALOGLAMA KAYNAK
Orijinal Kataloglama Ajansı Milas
Kataloglama Dili tur
Metne Dönüştürmek Ajansı TR-AnCHP
082 ## - DEWEY ONLU SINIFLANDIRMA NUMARASI
Sınıflandırma Numarası ATA 306
Ürün Numarası A72 1990
090 ## - SINIFLAMA NUMARASI
Sınıflama Numarası ATA 306 A72 1990
245 ## - BAŞLIK TABLOSU
Başlık Atatürk'ün kültür ve medeniyet konusundaki sözleri
260 ## - YAYIN, DAĞITIM, VB
Yayın, Dağıtım, Vb Yeri Ankara
Yayıncı, Dağıtıcı, Vs Adı Atatürk Kültür, Dil ve Tarih Yüksek Kurumu Atatürk Kültür Merkezi Yayını
Yayın, Dağıtım, Vb Tarihi 1990
300 ## - FİZİKSEL TANIM
Kapsam xiii, 176 s.
Boyutlar 24 sm.
490 ## - SERİSİ TABLOSU
Seri Beyanı Atatürk Kültür, Dil ve Tarih Yüksek Kurumu Atatürk Kültür Merkezi Yayını
Hacim / Ardışık Tanımı 37
504 ## - KAYNAKÇA VB NOT
Kaynakça Vb Notu Dizin var.
600 ## - KONU KATMA GİRİŞ - KURUMSAL ADI
Kişisel Ad Atatürk, Mustafa Kemal
Bir Adıyla İlişkilendirilen Tarihler 1881- 1938
Genel Alt Bölümü Söylev ve demeçler
600 ## - KONU KATMA GİRİŞ - KURUMSAL ADI
Kişisel Ad Atatürk, Mustafa Kemal
Bir Adıyla İlişkilendirilen Tarihler 1881-1938
Genel Alt Bölümü Kültür
650 ## - KONU KATMA GİRİŞ - TOPİKAL DÖNEM
Topikal Süreli Veya Coğrafi Ad Giriş Elemanı Atatürk, Mustafa Kemal
Genel Alt Bölümü Sosyal görüşler
942 ## - EKLENDİ GİRİŞ ELEMANLARI (KOHA)
Sınıflandırma Veya Raf Düzeni Kaynak
Koha Öğesi Türü Kitaplar
999 ## - SİSTEM KONTROL NUMARALARI (KOHA)
Koha Biblionumber 1381
Koha Biblioitemnumber 1381
Mevcut
Kalıcı Konum Mevcut Konum Edinme Tarihi Edinim Kaynak Seri Numaralandırma / Kronolojik Toplam Check-Out'Lar Tam Çağrı Numarası Barkod Tarih Son Görülme İtibaren Geçerli Fiyatlar Koha Öğesi Türü
CHP Kütüphanesi CHP Kütüphanesi 08/31/2016 Bağış c.3   ATA 306 A72 1990 002658 08/31/2016 08/31/2016 Kitaplar